| 000 | 01052cab a2200241 4500 | ||
|---|---|---|---|
| 001 | ABS57494 | ||
| 008 | 090401t1997 xxu||||| |||| 00| 0 eng d | ||
| 035 | _a(Sirsi) u80302 | ||
| 041 | _aeng | ||
| 245 | _aJones v Owen | ||
| 260 | _c1997 | ||
| 350 | _a0 | ||
| 490 |
_aEstates Gazette _v[1997] 32 EG 85-90(6) |
||
| 520 | _aChD 29 April 1997. Ministerial consent was sought for a five-year tenancy of an agricultural holding to which the Agricultural Holdings Act 1986 s3 would not apply. The SoS for Wales gave his approval. The tenant applied for a declaration that the tenancy was not one within the meaning of Agricultural Holdings Act s5 and that he had security of tenure under the Act. Application dismissed. | ||
| 650 | _aAGRICULTURAL HOLDINGS ACT 1996 | ||
| 650 | _aPROPERTY-LANDLORD AND TENANT-TENANCIES-AGRICULTURAL TENANCIES | ||
| 650 | _aFIVE YEAR TENANCY | ||
| 650 | _aJONES V OWEN | ||
| 650 | _aMINISTERIAL CONSENT | ||
| 690 | _aLANDLORD AND TENANT-CASE LAW-AGRICULTURAL TENANCIES | ||
| 942 | _n0 | ||
| 948 | _c18/08/1997 | ||
| 999 |
_c50566 _d50566 |
||